000 00354nam a2200133Ia 4500
008 240624s9999 xx 000 0 und d
041 _aeng
082 _a006.76 AFE
100 _aAFERGAN MICHAEL
245 _aWEB PROGRMMING DESKTOP REFERENCE 6 IN 1
260 _c1998
_aNew Delhi
_bPrentice-Hall of India
300 _axi, : 1084 : cm. ; 24
365 _cRS
999 _c2072
_d2072